ORGANIZATION BEHAVIOUR (Record no. 4430)

MARC details
000 -LEADER
fixed length control field 00331nam a22001337a 4500
008 - FIXED-LENGTH DATA ELEMENTS--GENERAL INFORMATION
fixed length control field 250806b |||||||| |||| 00| 0 eng d
020 ## - INTERNATIONAL STANDARD BOOK NUMBER
ISBN 0314689664
100 ## - MAIN ENTRY--AUTHOR
Author MIDDLEMIST DENNIS R.
245 ## - TITLE STATEMENT
Title ORGANIZATION BEHAVIOUR
260 ## - PUBLICATION, DISTRIBUTION, ETC. (IMPRINT)
Place of publication USA
Name of publisher WEST PUBLISHING COMPANY
Date of publication 1988
300 ## - COLLATION
Pagination 597p.
942 ## - ADDED ENTRY ELEMENTS (KOHA)
Item type Books
050 ## - LIBRARY OF CONGRESS CALL NUMBER
Classification number HD 58.7
Item number .M53
Holdings
Source of classification or shelving scheme Not for loan Permanent location Current location Date acquired Accession No. Full call number Barcode. Koha item type
Library of Congress Classification   Samuel Ogbemudia Main Library, University of Abuja Samuel Ogbemudia Main Library, University of Abuja 08/06/2025 2017/49882 HD 58.7.M53 2025-3206 Books